000 00772cam a2200277 4500
001 32681
003 BD-RjUL
005 20211209051859.0
008 140427s1968 ii 001 0 eng
035 _a(BD-RjUL)32771
040 _aDLC
_cDLC
_dBD-RjUL
_beng
041 _aeng
082 0 0 _a297.3
_bQAI 1968
100 1 _aQanungo, Kalika Ranjan.
_999408
245 1 0 _aIslam and its impact on India /
_cKalika Ranjan Qanungo.
260 _aCalcutta :
_bGeneral,
_c1968.
300 _ax, 85 p. ;
_c23 cm.
350 _a5.00
500 _aIncludes some quotations in Hindi.
504 _aIncludes index.
650 0 _aMuslims
_zIndia.
_999409
651 0 _aIndia
_xCivilization
_y1200-1765.
_981499
942 _2ddc
_cBK
999 _c32681
_d32681